000 00596nam a2200193Ia 4500
003 GCL
008 140319s9999 xx 000 0 eng d
040 _aGCL /
_cGCL
082 0 4 _a909.09824
_bC A
100 1 _aCHAUDHURI, K.N.
245 1 0 _aASIA BEFORE EUROPE :ECONOMY AND CIVILISATION OF THE INDIAN OCEAN FROM THE RISE OF ISLAM TO 1750 /
_cCHAUDHURI, K.N.
260 _a[S.N] :
_bCAMBRIBGE UNIVERSITY PRESS ،
_c1992
300 _a477
650 0 4 _aECONOMIC CONDITIONS
650 0 4 _aCIVILIZATION
650 0 4 _aINDIAN OCEAN REGION
650 0 4 _aCOMPARATIVE CIVILISATION
942 _2ddc
_cBK
999 _c25442
_d25442